La mujer de mi hermano / (Registro nro. 32051)
[ vista simple ]
| 000 -CABECERA | |
|---|---|
| campo fijo de control de longitud | 00606nam a2200217 4500 |
| 001 - NÚMERO DE CONTROL | |
| campo de control | 32051 |
| 003 - IDENTIFICADOR DEL NÚMERO DE CONTROL | |
| campo de control | AR-RoBPED |
| 005 - FECHA Y HORADE LA ULTIMA TRANSACCION | |
| campo de control | 20250916150215.0 |
| 008 - ELEMENTOS DE LONGITUD FIJA--INFORMACION GENERAL | |
| campo fijo de control de longitud | 250915s2002 es ||||er|||| 000 f spa d |
| 020 ## - ISBN | |
| ISBN | 8408044133 |
| 040 ## - FUENTE CATALOGADORA | |
| Centro catalogador/agencia de origen | AR-RoBPED |
| 041 ## - IDIOMA | |
| Código de idioma para texto/pista de sonido o título independiente | spa |
| 100 1# - ENCABEZAMIENTO PRINCIPAL--AUTOR PERSONAL | |
| Nombre de persona | Bayly, Jaime |
| Fechas nac-muerte | 1965- |
| 9 (RLIN) | 26619 |
| 245 13 - TITULO | |
| Título | La mujer de mi hermano / |
| Mención de responsabilidad | Jaime Bayly. |
| 260 ## - PUBLICACION | |
| Lugar | Barcelona : |
| Editor | Planeta, |
| Fecha | 2002. |
| 300 ## - DESCRIPCION FISICA | |
| Extensión | 363 p. |
| 650 #4 - TERMINO DE MATERIA--CONTROLADO | |
| Término controlado | LITERATURA PERUANA |
| 9 (RLIN) | 665 |
| Término controlado | NOVELAS |
| 9 (RLIN) | 25 |
| 942 ## - ELEMENTOS KOHA | |
| Fuente de clasificación | Universal Decimal Classification |
| Número Koha | k. 32051 |
| Koha tipo de ítem | Libro |
| Clasificación | 860(85)-31 |
| Signatura librística | B 27 m |
| Inventario | inv. 42157 |
| 945 ## - PROCESAMIENTO DE LA INFORMACIÓN LOCAL | |
| Catalogador y fecha | mm 15/09/2025 - cd 16/09/2025 |
| Estado retirado | Estado perdido | Fuente de clasificación | Estado dañado | No se presta | Biblioteca propietaria | Biblioteca de reserva | Fecha de adquisición | Procedencia | Total de préstamos | Signatura topográfica completa | Código de barras (nº de inventario) | Fecha visto por última vez | Catalogador y fecha | Tipo de ítem Koha | Nota pública |
|---|---|---|---|---|---|---|---|---|---|---|---|---|---|---|---|
| Universal Decimal Classification | Biblioteca Pedagógica Eudoro Díaz | Biblioteca Pedagógica Eudoro Díaz | 08/09/2025 | donación | 860(85)-31 B 27 m | 42157 | 15/09/2025 | mm 15/09/2025 | Libro | Se presta 15 días. |